[Event "Linares 12th"]
[Site "Linares"]
[Date "1994.??.??"]
[Round "11"]
[White "Kasparov, Garry"]
[Black "Anand, Viswanathan"]
[Result "1-0"]
[WhiteElo "2805"]
[BlackElo "2715"]
[Annotator "Boensch,U"]
[PlyCount "69"]
[EventDate "1994.02.??"]
[EventType "tourn"]
[EventRounds "13"]
[EventCountry "ESP"]
[EventCategory "18"]
[SourceTitle "CBM 040"]
[Source "ChessBase"]
[SourceDate "1994.06.01"]
[SourceVersion "1"]
[SourceVersionDate "1994.06.01"]
[SourceQuality "1"]

1. e4 {Ftacnik} c5 2. Nc3 (2. Nf3 {Ftacnik} e6 3. d4 cxd4 4. Nxd4 Nf6 5. Nc3 d6
6. Be2 Be7 7. O-O O-O 8. Be3 Nc6 9. Nb3 Qc7 10. f4 a6 11. a4 b6 12. Bf3 Rb8 13.
Qe2 Na5 14. Rad1 (14. Nd2 Bb7 15. g4 Rfc8 16. Qg2 Nd7 17. g5 Nc4 18. Nxc4 Qxc4
19. h4 b5 20. axb5 axb5 21. Rac1 b4 22. Nd1 b3 23. cxb3 Qxb3 24. Rxc8+ {
Fichtl,J-Jansa,V/CSSR ch/1974/}) (14. g4 Nc4 15. g5 Nd7 16. Bc1 Re8 17. Bg2 b5
$10 {Spassky,B-Garcia Martinez,S/Moskva/1975/}) (14. Rae1 Nc4 15. Bc1 b5 16.
axb5 axb5 17. Kh1 b4 18. Nd1 Ba6 19. Nf2 Rfe8 20. Nd3 e5 21. g3 d5 22. exd5 e4
23. Bxe4 Bd6 24. Qg2 {Grottke,HJ-Vogt,L/DDR ch/1977/0-1 (30)}) 14... Nc4 15.
Bc1 b5 16. axb5 axb5 17. Qf2 b4 18. Ne2 d5 19. f5 e5 20. Ng3 d4 21. Nh5 Qb6 22.
Nxf6+ Bxf6 23. Rfe1 Ba6 24. g4 {Cabello,FJ-Arroyo,E/Candas op (04)/1992/0-1 
(42)}) 2... d6 3. Nge2 Nc6 4. d4 cxd4 5. Nxd4 Nf6 6. Bc4 Qb6 7. Nb3 (7. Nde2 e6
8. O-O Be7 9. a4 O-O 10. Be3 Qc7 11. Ng3 a6 12. Qe2 Bd7 13. f4 Rac8 14. Bd3
Rfe8 $10 {Saltaev,M-Tseitlin,MS Tiraspol (5) 1994 0-1 63}) 7... e6 8. Bf4 Ne5
9. Be2 Be7 (9... a6 10. Bg3 $146 (10. Be3 Qc7 11. f4 Nc4 12. Bxc4 Qxc4 13. Qf3
d5 14. e5 Ne4 15. Nxe4 Qxe4 16. Qxe4 dxe4 17. O-O-O $16 {Zaitzev,I-Serper,G
Moskow7 op 1991 1-0 41}) 10... h5 $1 11. h3 Qc7 12. f4 Nc4 13. Bxc4 Qxc4 14.
Qf3 h4 15. Bh2 Bd7 16. O-O-O Rc8 17. Rhe1 b5 18. Qf2 $2 (18. a3 $13) 18... Qc7
19. e5 b4 20. Rd3 dxe5 21. fxe5 bxc3 22. Rxc3 Qxc3 $5 (22... Qb8) 23. bxc3 Ba3+
24. Kd2 $2 (24. Kb1 $13) 24... Nd5 $17 {Ivanchuk,V-Kramnik,V Linares (06) 1993
0-1 33}) (9... Bd7 10. O-O Be7 11. Be3 Qc7 12. f4 Nc4 13. Bxc4 Qxc4 14. Bd4 O-O
15. e5 dxe5 16. fxe5 Nd5 $10 {Zaitzev,I-Kiselev,S Podolsk 1991 1-0 48}) 10. Be3
Qc7 11. f4 Nc6 (11... Ng6 12. O-O O-O 13. g3 Bd7 14. h4 Rfc8 15. h5 Nf8 16. Bf3
h6 17. Rf2 e5 $10 {Zaitsev,I-Makarov,M Podolsk 1992 1/4 22}) (11... Nc4 12.
Bxc4 (12. Nb5 Qc6 13. Bxc4 Qxc4 14. Qd3 $13) 12... Qxc4 13. Qf3 $36) 12. Bf3 a6
13. O-O O-O (13... b5 $6 14. e5 dxe5 15. fxe5 Nd7 16. Bxc6 Qxc6 17. Nd4 (17.
Na5 Qc7 18. Qf3 Qxa5 19. Qxa8 O-O $44) 17... Qb7 18. Qg4 $40) 14. a4 b6 15. g4
Rb8 16. g5 Nd7 17. Bg2 Re8 (17... Nc5 18. f5 $1 $16) (17... g6 {Ftacnik} 18. f5
$40 (18. Rf3 Nc5)) 18. Rf3 Nc5 $6 (18... Na5 $5) 19. Rh3 g6 20. Qg4 Nb4 (20...
e5 {Ftacnik} 21. f5 Nb4 22. Qh4 h5 23. Bf3 Nxc2 24. Nd5 Qd8 25. Bxh5 Bxf5 26.
Bg4 $18) 21. Qh4 h5 22. Bf3 $1 Bf8 (22... Nxc2 23. Bxh5 $18) 23. Bxh5 gxh5 (
23... Bg7 $5 24. Bd4 (24. Bd1 $14) 24... e5 25. f5 $3 exd4 26. Bxg6 fxg6 (26...
dxc3 27. Qh7+ Kf8 28. f6 $18) 27. Qh7+ Kf8 28. Rf1 $3 gxf5 29. exf5 Re1 $1 (
29... dxc3 30. f6 $18) 30. Rxe1 dxc3 31. Rhe3 Ne6 32. fxe6 Bxe6 33. Rf1+ $18)
24. Qxh5 Bg7 25. Bd4 e5 (25... Bxd4+ {Ftacnik} 26. Nxd4 Kf8 27. g6 $1 (27. Qh6+
Ke7 28. Qf6+ Kd7 29. Rh7 Re7 30. g6) 27... Bb7 28. Qg5 $18) 26. f5 $1 Nxe4 (
26... exd4 $2 27. Qh7+ Kf8 28. f6 $18) (26... Kf8 $5) 27. Qh7+ Kf8 28. Nxe4
Bxf5 (28... exd4 {Ftacnik} 29. f6) 29. Qxf5 exd4 30. Nf6 $3 $18 Qxc2 31. Nxd4
$1 Qxb2 (31... Qxf5 32. Nxf5 Red8 33. Nh7+ (33. Rh7 {Ftacnik} Bxf6 34. gxf6 Ke8
35. Re1+ $18) 33... Kg8 34. Ne7+ Kh8 35. Nf6+ $18) 32. Rd1 Re5 (32... Re1+ {
Ftacnik} 33. Rxe1 Qxd4+ 34. Rhe3 Bxf6 35. gxf6 Nd5 36. Qh5 $18) 33. Nd7+ Ke7
34. Nxe5 Bxe5 35. Qe4 $1 1-0

[Event "Hoogovens op"]
[Site "Wijk aan Zee"]
[Date "1995.01.??"]
[Round "4"]
[White "Tkachiev, Vladislav"]
[Black "Van Wely, Loek"]
[Result "0-1"]
[WhiteElo "2575"]
[BlackElo "2575"]
[Annotator "Boensch,U"]
[PlyCount "83"]
[EventDate "1995.01.??"]
[EventType "swiss"]
[EventRounds "12"]
[EventCountry "NED"]
[SourceTitle "CBM 046"]
[Source "ChessBase"]
[SourceDate "1995.06.01"]
[SourceVersion "1"]
[SourceVersionDate "1995.06.01"]
[SourceQuality "1"]

1. e4 c5 2. Nf3 e6 3. Nc3 a6 4. g3 Nc6 5. Bg2 d6 6. O-O Nf6 7. d4 cxd4 8. Nxd4
Bd7 9. Be3 Be7 10. a4 (10. Nxc6 Bxc6 11. a4 O-O 12. a5 Nd7 13. Qe2 Qc7 14. Rfb1
Kh8 15. Qc4 Rad8 16. Rd1 h6 17. f4 Rfe8 18. Rd2 Bf8 19. Bf2 Kg8 20. Qa2 {
1/2-1/2 Ivanov,AV-De Firmian,N/Bermuda (08) ;CBM 46 1995}) 10... Ne5 11. Qe2
Rc8 12. Rad1 O-O 13. Kh1 Nc4 14. Bc1 Nb6 {Schwarz spielt gegen den P-a4, muß
aber einen Königsangriff über sich ergehen lassen.} 15. f4 $6 {Das Bauernopfer
ist nicht korrekt.} (15. e5 dxe5 16. Qxe5 Nc4 17. Qe2 $10) 15... Nxa4 16. Nxa4
Bxa4 17. e5 (17. b3 Bd7 18. e5 Nd5 19. Bb2 $15) 17... Nd5 18. Qg4 Bxc2 $1 $17 {
Schwarz nimmt den zweiten P und der Angriff schlägt nicht durch.} 19. Nxc2 (19.
Nxe6 fxe6 20. Qxe6+ Kh8 21. Rxd5 Bf5 $19) 19... Rxc2 20. Be4 Rc4 (20... Rxc1 $2
21. Rxc1 Ne3 22. Qh3 $14) 21. f5 $2 (21. Bxd5 exd5 22. Rxd5 Qc8 23. Qxc8 Rfxc8
24. exd6 Bxd6 (24... Rxc1 $2 25. dxe7 Rxf1+ 26. Kg2 $10) 25. Rxd6 Rxc1 26. Rxc1
Rxc1+ 27. Kg2 Kf8 $17) 21... Rxc1 $1 $19 22. Rxc1 Ne3 23. Qe2 (23. Qh5 Nxf1 24.
f6 g6 25. fxe7 Qxe7 26. Qe2 Nxg3+ 27. hxg3 dxe5 $19) 23... Nxf1 24. f6 Bxf6 (
24... gxf6 $2 25. Bxh7+ $1 Kxh7 (25... Kh8 26. Qh5 Kg7 27. Qg4+ Kh8 28. Qh5 $10
) 26. Qh5+ Kg7 27. Qg4+ $10) 25. exf6 Nxg3+ 26. hxg3 Qxf6 27. Rc7 (27. Qh2 g6
28. Bxb7 Rb8 29. Rc7 d5 {-/+, -+}) 27... d5 28. Bf3 Rb8 29. b4 g6 30. Kg2 h5
31. Qf2 Kg7 32. Qa7 Rh8 33. Qe3 (33. Rxb7 h4 34. Qf2 hxg3 35. Qxg3 Qb2+ 36. Kg1
(36. Qf2 Rh2+ $19) 36... Rc8 $19) 33... h4 34. g4 g5 35. Be2 (35. Rxb7 Rc8 $19)
35... b5 36. Rc1 Qf4 37. Qxf4 gxf4 38. Bd3 e5 39. Bf5 e4 40. Rd1 f3+ 41. Kf2 (
41. Kh3 e3 42. Bd3 e2 43. Rc1 Re8 $19) 41... h3 42. Rh1 (42. Rh1 Kf6 43. Kg3
Ke5 44. Rxh3 Rxh3+) 0-1

[Event "Hoogovens"]
[Site "Wijk aan Zee"]
[Date "1995.01.??"]
[Round "2"]
[White "Adams, Michael"]
[Black "Lutz, Christopher"]
[Result "0-1"]
[WhiteElo "2640"]
[BlackElo "2580"]
[Annotator "Boensch,U"]
[PlyCount "62"]
[EventDate "1995.01.??"]
[EventType "k.o."]
[EventRounds "5"]
[EventCountry "NED"]
[SourceTitle "CBM 045"]
[Source "ChessBase"]
[SourceDate "1995.04.01"]
[SourceVersion "1"]
[SourceVersionDate "1995.04.01"]
[SourceQuality "1"]

1. e4 c5 2. Nc3 e6 3. Nf3 Nc6 4. d4 cxd4 5. Nxd4 d6 6. Be3 Nf6 7. Qd2 Be7 8. f3
O-O 9. O-O-O d5 10. exd5 Nxd5 11. Nxd5 Qxd5 12. Nxc6 Qxc6 13. Bd3 e5 (13... Rd8
$142) 14. Qa5 $1 Qf6 15. h4 b6 16. Qa4 (16. Qd5 $142 $1 Bf5 (16... Be6 17. Qe4)
17. Bg5 $16) 16... Bb7 17. Bg5 Qe6 18. Bxe7 (18. Bc4 Bxg5+ 19. hxg5 Qg6 20. Bd3
e4 $1) (18. Qd7 $5 {Fritz3} Qxd7 19. Bxh7+ Kxh7 20. Rxd7 Bxf3 $1 $10 21. gxf3 (
21. Bxe7 Bc6 22. Rc7 Rfc8) 21... Bxg5+ 22. hxg5+ Kg6 23. Re1 f6 $10) 18... Qxe7
19. Be4 Bxe4 20. Qxe4 Rad8 21. a3 f5 22. Qc4+ Qf7 23. Qxf7+ Kxf7 24. Rxd8 (24.
c4 $142 $10 {Fritz3}) 24... Rxd8 25. Rd1 Rxd1+ 26. Kxd1 b5 $15 27. Kd2 Ke6 28.
b3 (28. Kd3 {/\c4}) 28... Kd5 (28... h5 $142) 29. Kd3 a5 (29... h5) 30. Ke3 (
30. g4 $5) (30. h5 $5) 30... a4 31. h5 $2 (31. bxa4 $142 bxa4 32. g4 $1 {Fritz3
} fxg4 (32... g6 33. gxf5 gxf5 34. Kd3 $10) 33. fxg4 Kc4 34. Ke4 Kc3 35. Kxe5
Kxc2 36. Ke6 $1 Kb3 37. Kf7 Kxa3 38. Kxg7 Kb4 39. Kxh7 a3 40. g5 a2 41. g6 a1=Q
42. g7 Qb1+ 43. Kh8 Qb2 44. h5 $1 $10 Qf6 45. Kh7 Qf5+ 46. Kh6 Qg4 47. g8=Q
Qxg8 $10) 31... b4 $19 0-1

[Event "Biel SKA"]
[Site "Biel"]
[Date "1996.07.29"]
[Round "7"]
[White "Almasi, Zoltan"]
[Black "Portisch, Lajos"]
[Result "0-1"]
[WhiteElo "2655"]
[BlackElo "2600"]
[Annotator "Boensch,U"]
[PlyCount "102"]
[EventDate "1996.07.22"]
[EventType "tourn"]
[EventRounds "11"]
[EventCountry "SUI"]
[EventCategory "16"]
[SourceTitle "CBM 055"]
[Source "ChessBase"]
[SourceDate "1996.12.01"]
[SourceVersion "1"]
[SourceVersionDate "1996.12.01"]
[SourceQuality "1"]

1. e4 c5 2. Nf3 e6 3. d4 cxd4 4. Nxd4 Nc6 5. Nc3 a6 6. g3 Qc7 7. Bg2 Nf6 8. O-O
d6 9. Re1 Rb8 10. Nxc6 bxc6 11. e5 (11. Na4 Be7 12. c4 c5 13. b3 O-O 14. Bb2
Nd7 15. Qd2 Bb7 16. Rad1 Rbd8 17. Bc3 $14 {1/2-1/2 De Firmian,N-Christiansen,L/
San Francisco (05) ;CBM 46 1995 (31)}) 11... dxe5 12. Rxe5 Bd6 (12... Qxe5 13.
Bf4 Qc5 14. Bxb8 Be7 15. Bf4 O-O 16. Na4 Qb5 17. b3 e5 18. c4 Qb8 19. Be3 Bg4
20. Qe1 Qc8 21. Qa5 $14 {Adams,M-Gelfand,B/Cap d'Agde (05) ;EXP 43 1994/1/2-1/
2 (69)}) 13. Re1 (13. Re3 O-O 14. Rd3 Be7 15. Na4 e5 16. Be3 Bg4 17. Qd2 Nd5
18. c4 Nb4 19. Rb3 Rfd8 20. Qc3 Nxa2 $1 $19 {0-1 Sivokho,S-Kuporosov,V/St.
Petersburg op (03) ;EXP 43 1994 (46)}) 13... O-O 14. Qe2 (14. b3 c5 15. Bb2 Rd8
16. Qe2 Bb7 17. Ne4 Nxe4 18. Bxe4 Bxe4 19. Qxe4 c4 $10 {1/2-1/2 Adams,
M-Lautier,J/Munich (05) 1993 (26)}) 14... c5 15. b3 Bb7 16. Bxb7 Qxb7 17. Bb2 (
17. Ne4 Nxe4 18. Qxe4 Rfc8 19. Bb2 c4 20. Rad1 Bb4 {1/2-1/2 Leko,P-Lautier,J/
Horgen CS (09) ;CBM 43 1994}) 17... Be7 {Die Stellung ist im Gleichgewicht. In
den naechsten 10 Zuegen erreicht Schwarz nach dem Abtausch beider Tuerme, dank
seiner aktiven Q eine leichte Initiative.} 18. Rad1 Rfd8 19. Rxd8+ Rxd8 20. Ne4
Ne8 21. a4 h6 22. Ba3 Qc6 23. Qf3 Qc7 24. Rd1 Rxd1+ 25. Qxd1 Qe5 26. Nd2 Qd4
27. Qe1 Qc3 28. Qd1 Nd6 {Schwarz spielt auf Gewinn.} (28... Qd4 $10) 29. Kg2 h5
$1 30. Nf3 Nf5 31. Qd2 Qf6 32. Qa5 $6 g5 33. Qxa6 {Ein riskanter P-gewinn,
nach dem die Initiative des Nachziehenden an Kraft gewinnt.} (33. Bxc5 g4 34.
Nd2 Qe5 35. Bb6 Qe2 $40 {/\ h4}) 33... g4 34. Nd2 h4 35. Qf1 (35. Qc8+ Kg7 36.
Bxc5 Qc3 $19) 35... Qd4 36. Bc1 Bg5 37. Qc4 (37. Qe2 h3+ 38. Kf1 Qa1 39. Qd1
Nd4 40. a5 Nf3 $19) 37... h3+ 38. Kg1 Qa1 39. Qxg4 (39. Qf1 Nd4 40. f4 gxf3 41.
Kf2 Nxc2 $19) 39... Qxc1+ 40. Nf1 Kf8 41. Qxh3 Qxc2 $19 42. Qh8+ Ke7 43. Qb8
Bf6 44. Qc7+ Kf8 45. a5 Bd4 46. Qd8+ Kg7 47. Qg5+ Kh7 48. Nd2 (48. Qh5+ Nh6 49.
Qf3 Qa2 $19) 48... Qd1+ 49. Kg2 Qe2 50. a6 (50. Qf4 Be3 $19) 50... Bxf2 51. Kh3
Bg1 (51... Bg1 52. a7 Qxh2+ 53. Kg4 Qxg3+ 54. Kh5 Qh3+ $19) 0-1

[Event "Amsterdam Euwe Memorial"]
[Site "Amsterdam"]
[Date "1995.05.14"]
[Round "3"]
[White "Topalov, Veselin"]
[Black "Kasparov, Garry"]
[Result "0-1"]
[WhiteElo "2630"]
[BlackElo "2805"]
[Annotator "Boensch,U"]
[PlyCount "56"]
[EventDate "1995.05.12"]
[EventType "tourn"]
[EventRounds "6"]
[EventCountry "NED"]
[EventCategory "18"]
[SourceTitle "CBM 047"]
[Source "ChessBase"]
[SourceDate "1995.08.01"]
[SourceVersion "1"]
[SourceVersionDate "1995.08.01"]
[SourceQuality "1"]

1. e4 {Baburin} c5 2. Nf3 Nc6 3. d4 cxd4 4. Nxd4 e6 5. Nc3 d6 6. Be3 Nf6 7. f3
Be7 8. g4 O-O 9. Qd2 a6 10. O-O-O Nxd4 (10... Nd7 11. Kb1 Nxd4 12. Bxd4 b5 13.
h4 b4 14. Na4 a5 15. g5 Qc7 16. Bb5 Rb8 17. Qe2 Ne5 18. f4 Ng6 19. Be3 d5 $132
{Stefansson,H-Akesson,R Reykjavik zt (09) 1995 0-1 39 - CBM 47}) 11. Bxd4 b5 (
11... Nd7 12. h4 b5 13. g5 b4 14. Ne2 (14. Na4 Bb7 $6 (14... Qa5 15. b3 Nc5 (
15... Bb7 $5) 16. Bxc5 dxc5 17. Qf4 Ra7 18. Kb1 Rd7 19. Bc4 Rd4 $5 $10 {
Inkiov-Vera Varna 1986}) 15. Nb6 $1 Rb8 16. Nxd7 Qxd7 17. Kb1 Qc7 (17... a5 $5)
18. Bd3 $10 {Fischer,R-Spassky,B (25) St Stefan/ Belgrade m 1992 1-0 35}) 14...
Rb8 (14... a5 15. Be3 Ne5 16. Nd4 Bb7 17. h5 b3 $1 18. axb3 a4 19. b4 a3 $132 {
Ilincic-Cvetkovic/Jugoslavia-ch/1990/}) 15. Ba7 Rb7 16. Be3 Qc7 17. Nd4 Nc5 18.
Kb1 Na4 19. Nb3 a5 20. Ka1 Rd8 21. Nd4 d5 22. e5 Bd7 23. h5 Nc3 $132 {
Torhallsson,T-Akesson,R Reykjavik zt (04) 1995 1-0 37 - CBM 47}) 12. Kb1 (12.
h4 Rb8 13. g5 Nd7 14. Kb1 (14. Ba7 Rb7 15. Be3 Qc7 16. Bd3 b4 17. Ne2 b3 18.
axb3 Rxb3 $15 {Magem Badals,J-Ehlvest,J Pamplona (5) 1991 0-1 38}) 14... b4 15.
Ne2 Ne5 (15... Qc7 16. h5 Ne5 17. Ng1 (17. f4 Nc4 18. Qd3 e5 19. Nc1 Bg4 20.
Qxc4 Qxc4 21. Bxc4 Bxd1 22. Rxd1 exd4 23. Nb3 $14 {Tiviakov,S-Van Wely,L Wijk 
(06) 1994 1-0 46}) 17... Nc4 18. Bxc4 Qxc4 19. h6 g6 20. Bf6 Bxf6 21. gxf6 Rb6
22. Nh3 Bb7 23. Qe3 Rc6 $132 {Smirin,I-Van Wely,L Wijk (09) 1994 0-1 41}) 16.
Bg2 Nc4 17. Qd3 Qc7 18. b3 Na3+ 19. Kb2 Bd7 20. c4 $10 {Leko,P-Van Wely,L Wijk
(02) 1994 1/2 56}) (12. Bxf6 $6 Bxf6 13. Qxd6 Qa5 $40) 12... Bb7 13. h4 Rc8 14.
g5 Nd7 15. Rg1 (15. g6 Ne5 (15... b4 16. gxh7+ Kh8 17. Ne2 e5 18. Be3 f5 19.
Qxb4 Ba8 20. Qd2 fxe4 $13 {Varavin,V-Pugachev,A Kobanya op (08) 1992 1-0 54})
16. Qg2 Bf6 17. gxh7+ Kh8 18. Rg1 Qe7 19. h5 Rfd8 20. f4 $16 {Varavin,
V-Obukhov,A Krasnodar 1991 1-0 30}) (15. Bd3 b4 16. Ne2 a5 17. Ng3 Qc7 18. h5
Ne5 19. f4 Nf3 20. Qf2 Nxd4 21. Qxd4 Qc5 $15 {Salazar,H-Panno,O Buenos Aires
Cup Lat (7) 1991 1/2 29}) (15. Bh3 Ne5 16. Qg2 Nc4 17. g6 Bf6 18. gxf7+ Kxf7
19. Ne2 Rc7 20. Nf4 $40 {Kovacevic,A-Zetocha,C Szekszard op (09) 1994 1/2 37 -
EXP 45}) 15... b4 $146 (15... Ne5 16. Qf2 Nc4 17. Bxc4 Rxc4 18. h5 Qc7 19. g6
fxg6 20. hxg6 h6 21. Rh1 Bf6 22. Bxf6 Rxf6 $17 {Ryan,J-Milu,R Manila olm 1992
0-1 30}) 16. Ne2 (16. Na4 Bc6 17. Qxb4 d5 $19) 16... Ne5 17. Rg3 $6 (17. Bg2
Nc4 (17... a5 18. b3 $13) 18. Qxb4 Qd7 19. Qb3 a5 $40) (17. Bxe5 dxe5 18. Qxd8
Rfxd8 $17) 17... Nc4 (17... a5 18. b3 $13) 18. Qc1 e5 $1 19. Bf2 a5 $17 20. Bg2
Ba6 21. Re1 a4 {Baburin: Just by looking at the position we can say that Black
is succeeding in his attack. White's pieces are in awkward positions and not
coordinated. It means that some time ago White did not play energetically
enough.} 22. Bh3 Rc6 23. Qd1 d5 $1 24. exd5 (24. Qxd5 Rd6 $19 {Baburin The
Queen is trapped in the very centre!} 25. Qc5 Rd1+ $19) 24... Rd6 25. f4 (25.
c3 b3 $19) 25... Rxd5 26. Rd3 (26. Qc1 Nd2+ 27. Ka1 Ne4 28. Rf3 Bxe2 $19) 26...
Na3+ 27. bxa3 Bxd3 28. cxd3 Rxd3 (28... Rxd3 29. Qxa4 Rxh3 $19) 0-1

[Event "Reykjavik Summit"]
[Site "Reykjavik"]
[Date "1990.??.??"]
[Round "?"]
[White "Adams, Michael"]
[Black "Hjartarson, Johann"]
[Result "0-1"]
[WhiteElo "2555"]
[BlackElo "2505"]
[Annotator "Boensch,U"]
[PlyCount "48"]
[EventDate "1990.03.??"]
[EventType "team"]
[EventRounds "6"]
[EventCountry "ISL"]
[SourceTitle "CBM 018"]
[Source "ChessBase"]
[SourceDate "1990.10.01"]
[SourceVersion "1"]
[SourceVersionDate "1990.10.01"]
[SourceQuality "1"]

1. e4 {Bönsch} c5 2. Nf3 d6 3. d4 cxd4 4. Nxd4 Nf6 5. Nc3 a6 6. Be3 e6 7. Qd2
Nbd7 8. f3 b5 9. O-O-O Bb7 10. g4 h6 11. h4 (11. Bd3 Ne5 12. Rhe1 Be7 13. Kb1
Nfd7 14. f4 Nxg4 15. Bg1 b4 16. Nd5 $13 {Conquest - Stohl Prag 1989}) 11... b4
12. Nce2 d5 13. exd5 Nxd5 14. Nf4 Nxe3 15. Qxe3 Qb6 16. Qe1 O-O-O $1 $17 17.
Nfe2 Bc5 18. Bg2 Nf6 19. Nb3 Be3+ 20. Kb1 Rxd1+ 21. Qxd1 Nxg4 $19 22. Qf1 Nf2
23. Rh2 Rd8 24. Nec1 Bf4 0-1

[Event "Linares 12th"]
[Site "Linares"]
[Date "1994.??.??"]
[Round "10"]
[White "Anand, Viswanathan"]
[Black "Polgar, Judit"]
[Result "1-0"]
[WhiteElo "2715"]
[BlackElo "2630"]
[Annotator "Boensch,U"]
[PlyCount "78"]
[EventDate "1994.02.??"]
[EventType "tourn"]
[EventRounds "13"]
[EventCountry "ESP"]
[EventCategory "18"]
[SourceTitle "CBM 040"]
[Source "ChessBase"]
[SourceDate "1994.06.01"]
[SourceVersion "1"]
[SourceVersionDate "1994.06.01"]
[SourceQuality "1"]

1. e4 c5 2. Nf3 e6 3. d4 cxd4 4. Nxd4 Nf6 5. Nc3 d6 6. Be3 a6 7. f3 Nbd7 (7...
b5) 8. g4 h6 9. Rg1 b5 (9... Qb6 $6 10. a3 Ne5 11. Bf2 Qc7 12. f4 Nc4 13. Bxc4
Qxc4 14. Qf3 e5 15. Nf5 Bxf5 16. gxf5 d5 17. fxe5 Nxe4 18. Rg4 $18 {Kasparov,
G-Kamsky,G Linares (13) 1993 1-0 35}) 10. h4 Nb6 (10... g6 11. g5 hxg5 12. hxg5
Nh5 13. a4 b4 14. Nc6 Qc7 15. Nxb4 Bg7 16. Nd3 Rb8 17. Ne2 Nc5 18. Nxc5 dxc5
19. Rb1 Bd7 20. c3 Be5 $17 {Short,N-Kasparov,G (2) London m 1987 0-1 52}) 11.
g5 Nfd7 (11... hxg5 12. hxg5 Nfd7 13. g6 $40) 12. Qe2 (12. Qd2 b4 13. Nd1 d5
$13) 12... hxg5 13. hxg5 g6 (13... b4 $2 14. Nc6 Qc7 15. Nxb4 d5 16. Nd3 $16)
14. O-O-O Nc4 15. Bf2 Bb7 16. f4 Qa5 17. Qg4 $1 O-O-O 18. Bxc4 bxc4 19. Nxe6 $5
fxe6 20. Qxe6 Kb8 (20... Bg7 21. Bd4 (21. Qxc4+ Qc7 22. Qxc7+ Kxc7 23. Nd5+ $14
) 21... Bxd4 22. Rxd4 $16) 21. Qxg6 Rh3 22. Kb1 (22. Bd4) 22... Rf3 23. Bd4
Rxf4 24. Qh7 d5 $2 (24... Nc5 25. g6 Nxe4 26. g7 Bxg7 27. Rxg7 Nxc3+ 28. Bxc3 (
28. bxc3 Be4 $13) 28... Qd5 29. Kc1 $14) 25. g6 Bc5 (25... dxe4 26. g7 Bxg7 27.
Rxg7 Bc6 28. Qh6 Qc7 29. Bb6 $18) 26. Bxc5 Nxc5 (26... Qxc5 27. g7 Nf6 28. g8=Q
Nxg8 29. Rxg8 $18) 27. g7 Ka7 28. g8=Q Rxg8 29. Qxg8 $18 Nxe4 30. Nxe4 (30.
Nxd5 $18) 30... Rxe4 31. Qg7 Qc5 32. Rge1 Rf4 33. Re7 Qb6 34. Qg5 c3 35. b3 Qb4
36. Rc7 Re4 (36... Kb6 37. Rxc3 $18) 37. Qxd5 Kb8 38. Qd8+ Ka7 39. a3 Qxa3 (
39... Qxa3 40. Rxb7+ Kxb7 41. Rd7+ Kc6 42. Qc7+ Kb5 43. Rd5+ Kb4 44. Qc5#) 1-0